000
00284nam a22000977a 4500
999
_c
11075
_d
11075
008
180824b ||||| |||| 00| 0 eng d
020
_a
9788177002225
100
_a
Arora S L
_9
6853
245
_a
Physics - XII
_b
A Reference Book for class XII
260
_a
New Delhi
_b
Dhanpat Rai and Co
_c
2018